000 00315nam a22001337a 4500
008 190305b xxu||||| |||| 00| 0 eng d
020 _a9780822559160
041 _aeng
080 _a721
100 _a41
101 _aARK
245 _aBuilding a New Central Library. A Library Story
_cVogel, J
942 _2udc
_cBK
999 _c54463
_d54463